000
00298nam a22001337a 4500
008
181015b xxu||||| |||| 00| 0 eng d
020
_a
9780393921397
041
_a
eng
080
_a
159.9
100
_a
50
101
_a
PSI
245
_a
Psychology In Your Life
_c
Grison.h
942
_2
udc
_c
BK
999
_c
49804
_d
49804